Universidad y desarrollo: a contrapelo de los tiempos /

Bibliografiske detaljer
Institution som forfatter: Universidad de Costa Rica
Format: Bog
Sprog:spansk
Udgivet: San José, Costa Rica : Oficina de Publicaciones de la Universidad de Costa Rica, 1995
Fag:

MARC

LEADER 00000nam a2200000Ia 4500
008 170912b1994 cr ||||| |||| 00| | spa d
999 |c 954  |d 954 
020 |a 9977150451 
090 |a 06.03.06   |b 79 (Material perdido) 
110 2 |a Universidad de Costa Rica  |9 585 
245 1 0 |a Universidad y desarrollo: a contrapelo de los tiempos /   |c Universidad de Costa Rica 
260 |a San José, Costa Rica :   |b Oficina de Publicaciones de la Universidad de Costa Rica,   |c 1995 
300 |a 279 páginas 
650 1 4 |a EDUCACIÓN SUPERIOR  |9 8 
650 1 4 |a CONFERENCIA  |9 506 
942 |i 00140   |h 06.03.06 79 (Material perdido)  |2 z  |c 01